| Tag |
First Indicator |
Second Indicator |
Subfields |
| LEADER |
00000cam a2200000Ia 4500 |
| 001 |
in00002782477 |
| 005 |
20211120170450.0 |
| 006 |
m o d f |
| 007 |
cr cn||||||||| |
| 008 |
121109s2009 vaua ob f000 0 eng d |
| 035 |
|
|
|a (OCoLC)ocn816638115
|
| 040 |
|
|
|a GPO
|c GPO
|d MvI
|d UtOrBLW
|
| 049 |
|
|
|a WWW
|
| 074 |
|
|
|a 0982-G-11 (online)
|
| 086 |
0 |
|
|a TD 2.30:09-057
|
| 088 |
|
|
|a FHWA publication no.: FHWA-HRT-09-057
|
| 088 |
|
|
|a HRDI-05/10-09(3M)E
|
| 100 |
1 |
|
|a Hughes, Warren Edward,
|d 1956-
|
| 245 |
1 |
0 |
|a Median U-turn intersection /
|c [performed by Warren Hughes and Ram Jagannathan].
|
| 264 |
|
1 |
|a McLean, Va :
|b U.S. Dept. of Transportation, Federal Highway Administration, Research, Development and Technology, Turner-Fairbank Highway Research Center,
|c [2009]
|
| 300 |
|
|
|a 1 online resource (4 pages) :
|b illustrations (some color).
|
| 336 |
|
|
|a text
|b txt
|2 rdacontent
|
| 337 |
|
|
|a computer
|b c
|2 rdamedia
|
| 338 |
|
|
|a online resource
|b cr
|2 rdacarrier
|
| 490 |
1 |
|
|a Techbrief
|
| 500 |
|
|
|a Title from title screen (viewed on Nov. 9, 2012).
|
| 500 |
|
|
|a "This document is a technical summary of the Federal Highway Administration report, Alternative Intersections/Interchanges: Information Report (AIIR) (FHWA-HRT-09-060)."
|
| 500 |
|
|
|a "October 2009."
|
| 504 |
|
|
|a Includes bibliographical references (page 4).
|
| 500 |
|
|
|a "FHWA publication number: FHWA-HRT-09-057."
|
| 500 |
|
|
|a "HRDI-05/10-09(3M)E."
|
| 500 |
|
|
|a Electronic resource.
|
| 650 |
|
0 |
|a Roads
|x Interchanges and intersections
|x Design and construction.
|
| 700 |
1 |
|
|a Jagannathan, Ram.
|
| 710 |
2 |
|
|a Turner-Fairbank Highway Research Center.
|
| 776 |
0 |
8 |
|i Print version:
|a Hughes, Warren Edward, 1956-
|t Median U-turn intersection
|w (OCoLC)566033027
|
| 830 |
|
0 |
|a Techbrief.
|
| 856 |
4 |
0 |
|u https://purl.fdlp.gov/GPO/gpo31105
|t 0
|
| 999 |
|
|
|a MARS
|
| 999 |
f |
f |
|s 211a26c3-d090-3357-a472-c841c688a320
|i a8fb6d37-c5e7-3d49-83b1-7c8a0c888fc4
|t 0
|
| 952 |
f |
f |
|a Texas A&M University
|b College Station
|c Electronic Resources
|d Available Online
|t 0
|e TD 2.30:09-057
|h Superintendent of Documents classification
|
| 998 |
f |
f |
|a TD 2.30:09-057
|t 0
|l Available Online
|